Magdalena Bay - Complete Discography - Statistics

General Stats
  • This quiz has been taken 20 times
  • The average score is 49 of 105
Answer Stats
Album Answer % Correct
Imaginal Disk Image
100%
Singles Image (Grimes Special)
100%
Imaginal Disk The Ballad of Matt & Mica
93%
Mercurial World The Beginning
93%
Imaginal Disk Vampire in the Corner
93%
Imaginal Disk Death & Romance
86%
Imaginal Disk Fear, Sex
86%
Imaginal Disk Killing Time
86%
A Little Rhythm and a Wicked Feeling Killshot
86%
Singles Killshot - Slowed + Reverb
86%
mini mix vol. 3 Top Dog
86%
Mercurial World Mercurial World
79%
Mercurial World (Deluxe) Mercurial World - Piano & Strings
79%
Imaginal Disk She Looked Like Me!
79%
Imaginal Disk That's My Floor
79%
Imaginal Disk True Blue Interlude
79%
Imaginal Disk Tunnel Vision
79%
Imaginal Disk Watching T.V.
79%
Imaginal Disk Angel on a Satellite
71%
Mercurial World Chaeri
71%
Mercurial World (Deluxe) Chaeri - Danny L Harle Remix
71%
Mercurial World (Deluxe) Chaeri - Piano & Strings
71%
Imaginal Disk Cry for Me
71%
Imaginal Disk Feeling Diskinserted?
71%
Mercurial World Secrets (Your Fire)
71%
Mercurial World The End
71%
A Little Rhythm and a Wicked Feeling How to Get Physical
64%
Imaginal Disk Love Is Everywhere
64%
Singles Second Sleep
64%
Singles This Is The World (I Made It For You)
64%
Singles Black-Eyed Susan Climb
57%
Mercurial World Dawning of the Season
57%
Mercurial World Domino
57%
Mercurial World (Deluxe) Dominó - Spanish Version
57%
Singles Paint Me A Picture
57%
Mercurial World You Lose!
57%
Mercurial World (Deluxe) You Lose! (8-Bit)
57%
mini mix vol. 3 2 Wheel Drive
50%
Mercurial World Dreamcatching
50%
mini mix vol. 1 El Dorado
50%
Mercurial World Halfway
50%
Singles Human Happens
50%
Singles Nice Day
50%
mini mix vol. 2 Sky2Fall
50%
Singles Star Eyes
50%
A Little Rhythm and a Wicked Feeling Venice
50%
night/pop Drive Alone
43%
mini mix vol. 3 EXO
43%
day/pop Set Me Off
43%
mini mix vol. 3 Slug Song
43%
mini mix vol. 3 Tonguetwister
43%
mini mix vol. 3 Wandering Eyes
43%
mini mix vol. 1 Afternoon in Heaven
36%
Mercurial World Follow The Leader
36%
A Little Rhythm and a Wicked Feeling Good Intentions
36%
Mercurial World Hysterical Us
36%
mini mix vol. 2 Live 4ever
36%
mini mix vol. 1 Mine
36%
A Little Rhythm and a Wicked Feeling Oh Hell
36%
Mercurial World Prophecy
36%
Mercurial World (Deluxe) Prophecy - Synth & Strings
36%
night/pop Redbone
36%
Mercurial World (Deluxe) secret 1
36%
Mercurial World Something for 2
36%
Mercurial World (Deluxe) Something for 2 - Cecile Believe Remix
36%
A Little Rhythm and a Wicked Feeling Stop & Go
36%
Singles Unoriginal
36%
day/pop Waking Up
36%
Kitsuné Musique Mixed by Uppermost (DJ Mix) Waking Up - Mixed
36%
day/pop #wastehistime
36%
A Little Rhythm and a Wicked Feeling Airplane
29%
Singles Ghost
29%
day/pop Head Over Heels
29%
mini mix vol. 1 Intro
29%
night/pop Neon
29%
Mercurial World (Deluxe) secret 10
29%
Mercurial World (Deluxe) secret 11
29%
Mercurial World (Deluxe) secret 12
29%
Mercurial World (Deluxe) secret 13
29%
Mercurial World (Deluxe) secret 14
29%
Mercurial World (Deluxe) secret 15
29%
Mercurial World (Deluxe) secrets 2-9: medley
29%
Singles Shotgun - Magdalena Bay Remix
29%
mini mix vol. 3 Slug Song (Reprise)
29%
A Little Rhythm and a Wicked Feeling Story
29%
Singles Story - Gus Kero Kero Bonito Remix
29%
mini mix vol. 1 Turning off the Rain
29%
mini mix vol. 1 U Wanna Dance?
29%
mini mix vol. 2 Woww
29%
mini mix vol. 2 Body
21%
mini mix vol. 2 I Don't Want to Cry Anymore
21%
night/pop Move Slow
21%
mini mix vol. 1 Nothing Baby
21%
Singles Only If You Want It
21%
mini mix vol. 2 Sky2Fall - Reprise
21%
Singles Money Lover
14%
Singles Push Me Away
14%
Singles The Girls
14%
Singles December - Magdalena Bay's Simulation Mix
7%
mini mix vol. 2 Hideaway
7%
Fauxllennium (Japanese Deluxe Edition) Messy Hair
7%
Xoxo, Disco Power
7%
Singles Superficial Love
7%
All I Ever Want Is Everything Disappearing (feat. Magdalena Bay)
0%
Singles Sweet Memory - Magdalena Bay Remix
0%
No matching quizzes found
Score Distribution
Percent of People with Each Score
Percentile by Number Answered
Your Score History
You have not taken this quiz